| 000 | 00784cam a2200229 4500 | ||
|---|---|---|---|
| 001 | WB3639-09 | ||
| 008 | 000000n2000 000 0 eng u | ||
| 035 | _a(Sirsi) u108634 | ||
| 245 | _aFinancial Times survey: London property | ||
| 260 | _c2000 | ||
| 490 |
_aFinancial Times _v 29 September 2000, 1-4(4) |
||
| 520 | _aA survey of London property looking at West End, Docklands and City office markets and developing planning policy on high-rise development. | ||
| 590 | _aWB | ||
| 650 | _aLONDON | ||
| 650 | _aPROPERTY INFORMATION | ||
| 650 | _aOFFICE DEVELOPMENT | ||
| 650 | _aPROPERTY-COMMERCIAL PROPERTY-OFFICE PROPERTY-OFFICE PROPERTY MARKET | ||
| 650 | _aPLANNING ISSUES | ||
| 650 | _aHIGH-RISE BUILDINGS | ||
| 690 | _aPROPERTY-COMMERCIAL PROPERTY | ||
| 942 | _n0 | ||
| 999 |
_c64857 _d64857 |
||